The walking dead trouve le nom de famille ? - Statistiques

Statistiques générales
  • Ce quiz a été pris 124 fois
  • Le résultat moyen est 16 sur 20
Statistiques - réponses
Question Réponse % Correct
Rick Grimes
100%
Daryl Dixon
96%
Carl Grimes
96%
Rosita Espinosa
95%
Lori Grimes
92%
Carol Peletier
92%
Eugene Porter
92%
Morgan Jones
90%
Negan Smith
89%
Abraham Ford
87%
Shane Walsh
85%
Glenn Rhee
84%
Maggie Greene
75%
Aaron On le sais pas !
65%
Michael Mercer
63%
Paul (Jesus) Rovia
62%
Gabriel Stokes
61%
Tara Chambler
59%
Ezekiel Sutton
58%
Michonne Hawthorne
55%
Aucun quiz correspondant
Distribution des résultats
% des personnes avec chaque résultat
Percentile par nombre de réponses
Votre historique - résultats
Vous n’avez pas pris ce quiz